[Event "Bad Woerishofen op 22nd"]
[Site "Bad Woerishofen"]
[Date "2006.03.20"]
[Round "4"]
[White "Rahl, Vojtech"]
[Black "Maugg, Ludwig"]
[Result "1-0"]
[WhiteElo "2168"]
[BlackElo "2117"]
[PlyCount "99"]
[EventDate "2006.03.17"]
[EventType "swiss"]
[EventRounds "9"]
[EventCountry "GER"]
[SourceTitle "CBM 111 Extra"]
[Source "ChessBase"]
[SourceDate "2006.05.09"]
[SourceVersion "1"]
[SourceVersionDate "2006.05.09"]
[SourceQuality "1"]

1. e4 c5 2. c3 d5 3. exd5 Qxd5 4. d4 g6 5. Be3 cxd4 6. cxd4 Bg7 7. Nc3 Qd8 8. Nf3 Nh6 9. Nb5 0-0 10. Qc1 Nf5 11. Nc7 Nc6 12. Nxa8 Be6 13. Bc4 Nxe3 14. fxe3 Qa5+ 15. Kf2 Bxc4 16. Qxc4 Rxa8 17. Rhd1 Rd8 18. a3 e6 19. b4 Qd5 20. Rac1 Ne7 21. Qc7 Qd7 22. Qxd7 Rxd7 23. e4 f5 24. e5 Bh6 25. Rc4 Nd5 26. Rc8+ Kg7 27. h4 Be3+ 28. Ke2 h6 29. g3 g5 30. hxg5 hxg5 31. Rd3 g4 32. Nd2 Nb6 33. Rb8 Bxd2 34. Rxd2 Rc7 35. Kd3 Nd5 36. Rc2 Rxc2 37. Kxc2 Ne3+ 38. Kd3 Nf1 39. Rxb7+ Kg6 40. Re7 Nxg3 41. Rxe6+ Kg5 42. d5 Nh5 43. Re8 Nf4+ 44. Kd4 g3 45. Rg8+ Ng6 46. Ke3 f4+ 47. Kf3 Kf5 48. Rxg6 Kxg6 49. a4 Kf5 50. e6 1-0